[Event "Asian Games"]
[Site "Hangzhou"]
[Date "2023.09.27"]
[Round "8"]
[White "Markov, Mikhail2222"]
[Black "Yamada, Kohei"]
[Result "1/2-1/2"]
[WhiteElo "2292"]
[BlackElo "2172"]
[PlyCount "126"]
[EventDate "2023.09.24"]
[EventType "swiss (rapid)"]
[EventRounds "9"]
[EventCountry "CHN"]
[SourceTitle "EXT 2024"]
[Source "ChessBase"]
[SourceDate "2023.10.10"]
[SourceVersion "1"]
[SourceVersionDate "2023.10.10"]
[SourceQuality "1"]

1. c4 Nf6 2. Nf3 e6 3. g3 d5 4. d4 dxc4 5. Bg2 c5 6. Qa4+ Nbd7 7. 0-0 a6 8. Qxc4 b5 9. Qd3 Bb7 10. a4 c4 11. Qc2 Be7 12. b3 Rc8 13. axb5 axb5 14. bxc4 Rxc4 15. Qb3 Rb4 16. Qd1 0-0 17. Ba3 Rc4 18. Nbd2 Rc3 19. Bxe7 Qxe7 20. Qb1 Bc6 21. Ra7 Ra3 22. Rxa3 Qxa3 23. Rc1 Qa8 24. Qb4 Rb8 25. Qd6 Rc8 26. Nb3 Bxf3 27. Rxc8+ Qxc8 28. Bxf3 Qc3 29. Nc5 Nf8 30. Nd3 h6 31. Ne5 Ng6 32. Nxg6 fxg6 33. Qxe6+ Kh7 34. Bc6 b4 35. Ba4 Qxd4 36. Bb3 h5 37. h4 Qc3 38. e3 Qd3 39. Bc4 Qc2 40. Bb3 Qd3 41. Ba2 Qc2 42. Kg2 Qe4+ 43. Qxe4 Nxe4 44. Kf3 b3 45. Bxb3 Nd2+ 46. Kf4 Nxb3 47. Kg5 Nd2 48. Kf4 Kg8 49. e4 Kf7 50. Ke3 Nb3 51. Kf4 Nc5 52. f3 Kf6 53. e5+ Kf7 54. g4 hxg4 55. Kxg4 Ne6 56. f4 Nd4 57. Kg5 Nf3+ 58. Kg4 Nd4 59. Kg5 Ne2 60. e6+ Kxe6 61. Kxg6 Nxf4+ 62. Kxg7 Kf5 63. h5 Nxh5+ 1/2-1/2

[Event "Asian Games"]
[Site "Hangzhou"]
[Date "2023.09.24"]
[Round "2"]
[White "Wei, Yi"]
[Black "Yamada, Kohei"]
[Result "1-0"]
[WhiteElo "2726"]
[BlackElo "2172"]
[PlyCount "59"]
[EventDate "2023.09.24"]
[EventType "swiss (rapid)"]
[EventRounds "9"]
[EventCountry "CHN"]
[SourceTitle "EXT 2024"]
[Source "ChessBase"]
[SourceDate "2023.10.10"]
[SourceVersion "1"]
[SourceVersionDate "2023.10.10"]
[SourceQuality "1"]

1. e4 c5 2. Nf3 d6 3. d4 cxd4 4. Nxd4 Nf6 5. Nc3 a6 6. Be3 e5 7. Nf3 Be7 8. Nd2 b5 9. a4 b4 10. Nd5 Nxd5 11. exd5 0-0 12. Nc4 Nd7 13. a5 Kh8 14. Qd2 Rb8 15. Be2 f5 16. 0-0 Nf6 17. Ba7 Ra8 18. Bb6 Qd7 19. f4 exf4 20. Rxf4 Bb7 21. Rd4 f4 22. Rf1 g5 23. h4 Qf5 24. Bd3 Qg4 25. hxg5 Qxg5 26. Rdxf4 Qxd5 27. Bd4 Qe6 28. Rxf6 Bxf6 29. Rxf6 Rxf6 30. Qh6 1-0

[Event "Prague Summer op-A 10th"]
[Site "Prague"]
[Date "2023.08.06"]
[Round "4"]
[White "Yamada, Kohei"]
[Black "Jurcik, Marian"]
[Result "1/2-1/2"]
[WhiteElo "2171"]
[BlackElo "2411"]
[PlyCount "264"]
[EventDate "2023.08.04"]
[EventType "swiss"]
[EventRounds "9"]
[EventCountry "CZE"]
[SourceTitle "CBM 215 Extra"]
[Source "ChessBase"]
[SourceDate "2023.09.30"]
[SourceVersion "1"]
[SourceVersionDate "2023.09.30"]
[SourceQuality "1"]

1. e4 c5 2. Nf3 e6 3. d4 cxd4 4. Nxd4 a6 5. Bd3 Nf6 6. 0-0 Qc7 7. Qe2 d6 8. c4 g6 9. Nc3 Bg7 10. Be3 0-0 11. Rac1 Nbd7 12. Rfd1 b6 13. f3 Bb7 14. Qf2 Rac8 15. Bf1 Qb8 16. b4 Nh5 17. Nb3 Be5 18. g4 Nf4 19. Ne2 d5 20. exd5 exd5 21. c5 bxc5 22. bxc5 Rfe8 23. Ned4 Nf8 24. c6 Ba8 25. Rc2 N8e6 26. Rdc1 Qd6 27. Kh1 Nxd4 28. Bxd4 Rxc6 29. Rxc6 Bxc6 30. Bxa6 Ba4 31. Bf1 Bxb3 32. axb3 Bxd4 33. Qxd4 Ne6 34. Qf6 Qa3 35. Qc3 Rd8 36. Re1 Qa2 37. Re2 Qa8 38. Qf6 Qc8 39. f4 d4 40. f5 Nf4 41. Re7 Rf8 42. Qxd4 Qc1 43. Qc4 Qd2 44. f6 h6 45. Qe4 Qd6 46. Re8 Qxf6 47. Rxf8+ Kxf8 48. b4 Nd5 49. Kg2 Qb2+ 50. Kg3 Qc3+ 51. Kf2 Nxb4 52. Bc4 Qf6+ 53. Kg3 Nc6 54. Qf4 Kg7 55. Qxf6+ Kxf6 56. Kf4 Ne5 57. Be2 g5+ 58. Ke4 Ng6 59. Bd1 Ne7 60. Ba4 Nc8 61. Bb3 Nd6+ 62. Kd5 Nb5 63. Bc4 Nc3+ 64. Kd4 Nd1 65. Ke4 Nf2+ 66. Kf3 Nh3 67. Ke4 Kg6 68. Bb5 Nf2+ 69. Kf3 Nd1 70. Bc4 f6 71. Bd3+ Kf7 72. Bc4+ Ke7 73. Ke4 Kf8 74. Bb3 Nf2+ 75. Kf3 Nd3 76. Be6 Ke7 77. Bf5 Nc5 78. Ke3 Nb7 79. Kd4 Nd6 80. Bc2 Kf7 81. Bb3+ Kg7 82. Bc2 Nf7 83. Ke3 Ne5 84. Bf5 h5 85. h3 h4 86. Be6 Ng6 87. Bc4 Nf4 88. Bf1 f5 89. gxf5 Kf6 90. Kf2 Ke5 91. Ke3 Kxf5 92. Kf3 Nh5 93. Bd3+ Kf6 94. Kg4 Nf4 95. Bc4 Ng6 96. Be2 Ne5+ 97. Kh5 Kf5 98. Bd1 Kf4 99. Bb3 Nd7 100. Be6 Nc5 101. Bg4 Ne4 102. Bc8 Nf6+ 103. Kg6 Nd5 104. Kh5 Ne3 105. Bd7 Nf5 106. Kg6 g4 107. hxg4 Ne7+ 108. Kf7 Nd5 109. g5 Kxg5 110. Bc8 Nf6 111. Ke6 h3 112. Ke5 h2 113. Bb7 Ng4+ 114. Kd4 Kf4 115. Kd3 Nf2+ 116. Kd4 Nd1 117. Kd3 Nf2+ 118. Kd4 Nh3 119. Kd3 Ng1 120. Bh1 Kg3 121. Ke3 Nh3 122. Ke2 Nf2 123. Ba8 Ng4 124. Bb7 Nh6 125. Ba8 Nf5 126. Bh1 Nd4+ 127. Ke3 Ne6 128. Ke2 Nf4+ 129. Ke3 Nh3 130. Ke2 Nf2 131. Ba8 h1B 132. Bxh1 Nxh1 1/2-1/2

[Event "JPN-ch"]
[Site "Tokyo"]
[Date "2018.05.04"]
[Round "10"]
[White "Yamada, Kohei"]
[Black "Kojima, Shinya"]
[Result "0-1"]
[WhiteElo "2164"]
[BlackElo "2400"]
[PlyCount "46"]
[EventDate "2018.04.29"]
[EventType "swiss"]
[EventRounds "11"]
[EventCountry "JPN"]
[SourceTitle "CBM 184 Extra"]
[Source "ChessBase"]
[SourceDate "2018.06.28"]
[SourceVersion "1"]
[SourceVersionDate "2018.06.28"]
[SourceQuality "1"]

1. e4 c6 2. d4 d5 3. e5 Bf5 4. Nf3 e6 5. Be2 Ne7 6. 0-0 Ng6 7. c3 Nd7 8. Be3 f6 9. exf6 Qxf6 10. Qb3 Rb8 11. Nbd2 Bd6 12. Rfe1 0-0 13. Nf1 Nf4 14. Bxf4 Bxf4 15. Ng3 Bg6 16. Rad1 e5 17. Bd3 Bxd3 18. Rxd3 Qf7 19. Rdd1 e4 20. Nd2 Bxg3 21. fxg3 Qf2+ 22. Kh1 e3 23. Rf1 Qxd2 0-1